000 01130nam a22003377a 4500
003 DO-SdBNP
005 20180124085938.0
008 151208b 1988 sp xxu||||| |||| 00| 0 spa d
020 _a843950912X
040 _aBPMSU
_bspa
_cBPMSU
092 _aXXXXX
_bXXXXX
100 1 _aStevenson, Robert Louis,
_d1850-1894.
245 1 0 _aEl diablo de la botella /
_cRobert Louis Stevenson ; traductor José Luis Izquierdo Hernández
260 _aBarcelona :
_bTalleres Gráficos Cayfosa,
_c1988
300 _a86 p. ;
_c20 cm.
490 1 _aEl libro de bolsillo
490 1 _aAustral Juvenil
505 0 _aLos ladrones de cadáveres -- Markheim -- Olalla -- El diablo de la botella -- La playa de Falesá.
700 1 2 _aIzquierdo Hernández, José Luis,
_etr.
740 0 2 _aLos ladrones de cadáveres.
740 0 2 _aMarkheim.
740 0 2 _aOlalla.
740 0 2 _aEl diablo de la botella.
740 0 2 _aLa playa de Falesá.
830 0 _aEl libro de bolsillo
_n; 735
830 0 _aClásicos
910 _a00260
942 _2ddc
_cBK
945 _aInventariado extranjero / 2018 VM
956 _adgarcia
_b10
999 _c10475
_d10475